000 00265nam a22001097a 4500
020 _a9789381450475
082 _a631.1
_bJIT/PR
245 _aPrecision Farming in Horticulture
260 _aNew Delhi
_bNew india Publishing Agency
_c2013
300 _a366
942 _cBK
999 _c14437
_d14437